Complete debacle (Record no. 81587)

MARC details
000 -LEADER
fixed length control field 01057cab a22002415a 4500
001 - CONTROL NUMBER
control field L147625
008 - FIXED-LENGTH DATA ELEMENTS--GENERAL INFORMATION
fixed length control field 090529e20090516xxk f 000 0 eng d
035 ## - SYSTEM CONTROL NUMBER
System control number (Sirsi) u147625
041 0# - LANGUAGE CODE
Language code of text/sound track or separate title eng
100 1# - MAIN ENTRY--PERSONAL NAME
Personal name Lal, Hamish
245 00 - TITLE STATEMENT
Title Complete debacle
260 ## - PUBLICATION, DISTRIBUTION, ETC.
Date of publication, distribution, etc. 2009
490 ## - SERIES STATEMENT
Series statement Estates Gazette
Volume/sequential designation (0919) 16 May 2009, 106-107(2)
520 ## - SUMMARY, ETC.
Summary, etc. Practical completion should be defined expressly in building contracts to avoid complications that can arise over its exact meaning. Compares the interpretation of the term completion in the context of commercial leases with that in the building contract context. Discusses the interrelationship between the two legal independent agreements. Refers to case law.
590 ## - LOCAL NOTE (RLIN)
Local note KA
650 24 - SUBJECT ADDED ENTRY--TOPICAL TERM
Topical term or geographic name entry element MENOLLY INVESTMENTS 3 SARL V CEREP SARL
650 24 - SUBJECT ADDED ENTRY--TOPICAL TERM
Topical term or geographic name entry element EMSON EASTERN V EME DEVELOPMENTS
650 24 - SUBJECT ADDED ENTRY--TOPICAL TERM
Topical term or geographic name entry element WESTMINISTER CORPORATION V J JARVIS & SONS LTD
650 24 - SUBJECT ADDED ENTRY--TOPICAL TERM
Topical term or geographic name entry element MARINER INTERNATIONAL HOTELS LT V ATLAS LTD
651 #4 - SUBJECT ADDED ENTRY--GEOGRAPHIC NAME
Geographic name England and Wales
Chronological subdivision 1543-
690 ## - LOCAL SUBJECT ADDED ENTRY--TOPICAL TERM (OCLC, RLIN)
Topical term or geographic name as entry element Construction management
9 (RLIN) 6230
942 ## - ADDED ENTRY ELEMENTS (KOHA)
Suppress in OPAC 0
Holdings
Withdrawn status Lost status Source of classification or shelving scheme Damaged status Not for loan Home library Current library Shelving location Date acquired Total Checkouts Full call number Barcode Date last seen Copy number Price effective from Koha item type
    Dewey Decimal Classification     London London Journal article 29/05/2009   L147625 147625-1001 06/08/2019 1 06/08/2019 Journal article